Takma Adıyla Bilinen İnsanların Gerçek İsimleri - Statistics

General Stats
  • This quiz has been taken 7 times
  • The average score is 3 of 15
Answer Stats
Hint Answer % Correct
Çakal Emirhan Çakal
71%
Elraen Tuğkan Gönültaş
57%
Jahrein Ahmet Sonuç
43%
WTCN Ferit Karakaya
29%
RRaenee Mert Yılmaz
29%
Cordiseps Bedirhan Yamalı
14%
Semicenk Cenk Baş
14%
BLOK3 Hakan Aydın
14%
Ezhel Ömer Sercan İpekçioğlu
14%
Ati242 Atilla Serin
0%
Nemesis Fulya Eren
0%
Reckol Recep Eker
0%
Sefo Seyfullah Sağır
0%
Lvbel C5 Süleyman Burak Bodur
0%
Motive Tolga Can Serbes
0%
No matching quizzes found
Score Distribution
Percent of People with Each Score
Percentile by Number Answered
Your Score History
You have not taken this quiz